Hello, love, again / (Record no. 20369)

000 -LEADER
fixed length control field 00944nam a22002057a 4500
008 - FIXED-LENGTH DATA ELEMENTS--GENERAL INFORMATION
fixed length control field 250509b xxu||||| |||| 00| 0 eng d
040 ## - CATALOGING SOURCE
Original cataloging agency Cagayan State University
Description conventions RDA
082 ## - DEWEY DECIMAL CLASSIFICATION NUMBER
Classification number 791.4372
Item number H4778 2024
245 ## - TITLE STATEMENT
Title Hello, love, again /
Statement of responsibility, etc directed by Cathy Garcia-Sampana ; story by Carmi G. Raymundo, Crystal Hazel San Miguel, Olivia M. Lamasan ; produced by Katherine S. Labayen.
260 ## - PUBLICATION, DISTRIBUTION, ETC. (IMPRINT)
Place of publication, distribution, etc Quezon City :
Name of publisher, distributor, etc Star Cinema,
Date of publication, distribution, etc 2024.
300 ## - PHYSICAL DESCRIPTION
Extent 1 videofile (ca. 122 mins.) :
Other physical details sound, color.
520 ## - SUMMARY, ETC.
Summary, etc After fighting for their love to conquer the time, distance and a global shutdown that kept them apart, Joy and Ethan meet again in Canada but realize that they have also changed a lot, individually.
650 ## - SUBJECT ADDED ENTRY--TOPICAL TERM
Topical term or geographic name as entry element Drama.
650 ## - SUBJECT ADDED ENTRY--TOPICAL TERM
Topical term or geographic name as entry element Romance.
700 ## - ADDED ENTRY--PERSONAL NAME
Personal name Bernardo, Kathryn, star.
700 ## - ADDED ENTRY--PERSONAL NAME
Personal name Richards, Alden, star.
700 ## - ADDED ENTRY--PERSONAL NAME
Personal name Teehankee, Noel, cinematographer.
700 ## - ADDED ENTRY--PERSONAL NAME
Personal name Ignacio, Marya, editor.
942 ## - ADDED ENTRY ELEMENTS (KOHA)
Source of classification or shelving scheme
Item type Audio-Visual Materials
Holdings
Source of acquisition Price effective from Permanent location Date last seen Not for loan Date acquired Source of classification or shelving scheme Koha item type Collection code Shelving location Damaged status Lost status Withdrawn status Current location Full call number
Donation2025-05-09Cagayan State University - Carig Library2025-05-09 2025-05-09 Audio-Visual MaterialsElectronic Media CenterElectronic Media Center   Cagayan State University - Carig Library791.4372 H4778 2024

Cagayan State University University Library, Carig Campus
Tuguegarao City, Cagayan 3500 | www.csucarig.edu.ph

Powered by Koha